| 000 -LEADER |
| fixed length control field |
00542cam a22001814a 4500 |
| 020 ## - INTERNATIONAL STANDARD BOOK NUMBER |
| ISBN |
1879906511 |
| 020 ## - INTERNATIONAL STANDARD BOOK NUMBER |
| ISBN |
9781879906518 |
| 040 ## - CATALOGING SOURCE |
| Transcribing agency |
COO |
| 082 ## - DEWEY DECIMAL CLASSIFICATION NUMBER |
| Classification number |
631 ADE 2002 A042 Or. |
| 245 00 - TITLE STATEMENT |
| Title |
Postharvest technology of horticultural crops / |
| 250 ## - EDITION STATEMENT |
| Edition statement |
Third edition |
| 300 ## - PHYSICAL DESCRIPTION |
| Number of Pages |
vii, 535 pages : |
| Other physical details |
illustrations (some color) ; |
| Dimensions |
28 cm |
| 490 1# - SERIES STATEMENT |
| Series statement |
Publication / University of California, Agriculture and Natural Resources ; |
| 650 #0 - SUBJECT ADDED ENTRY--TOPICAL TERM |
| Topical Term |
Horticultural crops |
| 650 #0 - SUBJECT ADDED ENTRY--TOPICAL TERM |
| Topical Term |
Food crops |
| 700 1# - ADDED ENTRY--PERSONAL NAME |
| Personal name |
Kader, Adel A. |
| 942 ## - ADDED ENTRY ELEMENTS (KOHA) |
| Koha item type |
ADB |
| 952 ## - LOCATION AND ITEM INFORMATION (KOHA) |
| Withdrawn status [LOCAL, KOHA] |
0 |
| 952 ## - LOCATION AND ITEM INFORMATION (KOHA) |
| Withdrawn status [LOCAL, KOHA] |
0 |
| 952 ## - LOCATION AND ITEM INFORMATION (KOHA) |
| Withdrawn status [LOCAL, KOHA] |
0 |